LEADER 00621nam a2200169 u 4500 001 991004292738307536 005 20231106133229.0 008 231106s2022 xx r 000 0 eng d 040 $aBibl. Dip.le Aggr. Studi Umanistici - Sez. Filologia Classica$bita 100 1 $aBolisani, Ettore$0198677 245 10$aThesaurus :$bossia breve raccolta di voci e costrutti utili a chi si esercita nella composizione latina /$cEttore Bolisani 250 $a2. ed. riveduta ed ampliata. 260 $aPadova :$bR.A.D.A.R.,$c1950 300 $a114 p. ;$c21 cm. 912 $a991004292738307536 996 $aThesaurus$93579064 997 $aUNISALENTO LEADER 04298nam 2200757z- 450 001 9910557876603321 005 20251116142049.0 035 $a(CKB)5400000000048070 035 $a(oapen)https://directory.doabooks.org/handle/20.500.12854/80447 035 $a(EXLCZ)995400000000048070 100 $a20202204d2018 |y 0 101 0 $abos 135 $aurmn|---annan 181 $ctxt$2rdacontent 182 $cc$2rdamedia 183 $acr$2rdacarrier 200 10$aVizuelizacija rasterskih podataka laserskog skeniranja iz zraka 210 $aLjubljana$cZRC SAZU, Zalo?ba ZRC$d2018 215 $a1 electronic resource (168 p.) 225 1 $aProstor, kraj, ?as$v16 311 08$a961-05-0099-4 311 08$a961-05-0100-1 330 $aThe monograph is a translated and complemented edition of the book Airborne laser scanning raster data visualization: A Guide to Good Practice. It provides an insight into a range of visualization techniques for high-resolution digital elevation models (DEMs). It is provided in the context of investigation and interpretation of various types of historical and modern, cultural and natural small-scale relief features and landscape structures. It also provides concise guidance for selecting the best techniques when looking at a specific type of landscape and/or looking for particular kinds of forms.The three main sections ? descriptions of visualization techniques, guidance for selection of the techniques, and visualization tools ? accompany examples of visualizations, exemplar archaeological and geomorphological case studies, a glossary of terms, and a list of references and recommendations for further reading. The structure facilitates people of different academic background and level of expertise to understand different visualizations, how to read them, how to manipulate the settings in a calculation, and choose the best suited for the purpose of the intended investigation. 330 $aMonografija nudi vpogled v nabor tehnik prikaza visokolo?ljivih modelov vi?in. Napisana je v kontekstu preu?evanja in interpretacije razli?nih tipov zgodovinskih in modernih, kulturnih in naravnih majhnih reliefnih oblik. Daje jedrnate napotke za izbiro najbolj?ih tehnik prikaza dolo?enih tipov pokrajine in izrazitih oblik.Tri glavna poglavja ? opis tehnik prikazovanja digitalnih modelov vi?in, napotki za njihovo izbiro in orodja za izra?un prikazov ?, spremljajo izbrani primeri tipi?nih arheolo?kih in geomorfolo?kih ?tudij, slovar?ek pojmov ter seznam literature in priporo?enega branja. Posameznikom z razli?nih znanstvenih podro?ij in z razli?nim predznanjem o tematiki je struktura v pomo? pri razumevanju razli?nih tehnik prikazov, kako jih brati, kako izbrati prave nastavitve pri njihovem izra?unu in kako prepoznati najbolj primerne za namen zasnovane raziskave. 606 $aGeographical information systems (GIS) & remote sensing$2bicssc 610 $acase studies 610 $adigital heights model 610 $ageodetic measurements 610 $ageodetic methods 610 $ageographical typology 610 $alandscapes 610 $alaser scanning 610 $alaser techniques 610 $alidar 610 $amanuals 610 $arelief forms 610 $aremote sensing 610 $asettings 610 $aspatial data 610 $atechnics 610 $atools 610 $avisualization 610 $adaljinsko zaznavanje 610 $adigitalni model vi?in 610 $ageodetska merjenja 610 $ageodetske metode 610 $ageografska tipologija 610 $akrajine 610 $alaserska tehnika 610 $alasersko skeniranje 610 $anastavitve 610 $aorodja 610 $apriro?niki 610 $aprostorski podatki 610 $areliefne oblike 610 $a?tudije primerov 610 $atehnika 610 $avizualizacija 615 7$aGeographical information systems (GIS) & remote sensing 700 $aHesse$b Ralf$4auth$0602209 702 $aKokalj$b ?iga$4auth 702 $aMulahusi?$b Admir$4auth 906 $aBOOK 912 $a9910557876603321 996 $aVizuelizacija rasterskih podataka laserskog skeniranja iz zraka$93021517 997 $aUNINA